Fundamental accounting principles / (Record no. 17485)
[ view plain ]
| 000 -LEADER | |
|---|---|
| fixed length control field | 00717cam a22002532 4500 |
| 001 - CONTROL NUMBER | |
| control field | 0000002517 |
| 003 - CONTROL NUMBER IDENTIFIER | |
| control field | OSt |
| 005 - DATE AND TIME OF LATEST TRANSACTION | |
| control field | 20190226161349.0 |
| 008 - FIXED-LENGTH DATA ELEMENTS--GENERAL INFORMATION | |
| fixed length control field | 070412s xx 000 0 eng d |
| 020 ## - INTERNATIONAL STANDARD BOOK NUMBER | |
| International Standard Book Number | 0071103091 |
| 040 ## - CATALOGING SOURCE | |
| Original cataloging agency | KABU |
| Transcribing agency | KABU |
| 050 #0 - LIBRARY OF CONGRESS CALL NUMBER | |
| Classification number | HF5635 |
| Item number | .W55 2007 c.1 |
| 100 1# - MAIN ENTRY--PERSONAL NAME | |
| Personal name | Larson, Kermit D. |
| 245 10 - TITLE STATEMENT | |
| Title | Fundamental accounting principles / |
| Statement of responsibility, etc. | Kermit D. Larson, John J. Wild, Barbara Chiappetta. |
| 250 ## - EDITION STATEMENT | |
| Edition statement | 18th ed. |
| 260 ## - PUBLICATION, DISTRIBUTION, ETC. (IMPRINT) | |
| Place of publication, distribution, etc. | Boston : |
| Name of publisher, distributor, etc. | Irwin, |
| Date of publication, distribution, etc. | 2007. |
| 300 ## - PHYSICAL DESCRIPTION | |
| Extent | 1 vol. (various paging) |
| 650 #0 - SUBJECT ADDED ENTRY--TOPICAL TERM | |
| Topical term or geographic name as entry element | Accounting. |
| 700 1# - ADDED ENTRY--PERSONAL NAME | |
| Personal name | Wild, John J. |
| 700 1# - ADDED ENTRY--PERSONAL NAME | |
| Personal name | Chiappetta, Barbara. |
| 908 ## - PUT COMMAND PARAMETER (RLIN) | |
| Put command parameter | 070412 |
| 942 ## - ADDED ENTRY ELEMENTS (KOHA) | |
| Source of classification or shelving scheme | Library of Congress Classification |
| Koha item type | General Collection |
| Withdrawn status | Lost status | Source of classification or shelving scheme | Not for loan | Home library | Current library | Date acquired | Cost, normal purchase price | Total Checkouts | Full call number | Barcode | Date last seen | Date last checked out | Price effective from | Koha item type |
|---|---|---|---|---|---|---|---|---|---|---|---|---|---|---|
| Library of Congress Classification | Kabarak, Main Campus | Kabarak, Main Campus | 26/02/2019 | 3560.00 | 1 | HF5635 .W55 2007 c.1 | 022971 | 31/05/2021 | 19/04/2021 | 26/02/2019 | General Collection |